Temesvári Pelbárt példái székfoglaló értekezés /
Elmentve itt :
| Szerző: | |
|---|---|
| Dokumentumtípus: | Cikk |
| Megjelent: |
1902
|
| Sorozat: | Kolligátum
|
| Kulcsszavak: | Temesvári Pelbárt, Latin irodalom - középkori |
| Online Access: | http://misc.bibl.u-szeged.hu/26163 |
| LEADER | 00586nab a2200169 i 4500 | ||
|---|---|---|---|
| 001 | misc26163 | ||
| 005 | 20191111110611.0 | ||
| 008 | 170801s1902 hu o 0|| zxx d | ||
| 040 | |a SZTE Miscellanea Repozitórium |b hun | ||
| 041 | |a zxx | ||
| 100 | 1 | |a Katona Lajos | |
| 245 | 1 | 0 | |a Temesvári Pelbárt példái |h [elektronikus dokumentum] : |b székfoglaló értekezés / |c Katona Lajos |
| 260 | |c 1902 | ||
| 300 | |a 1-89, [2] | ||
| 490 | 0 | |a Kolligátum | |
| 695 | |a Temesvári Pelbárt, Latin irodalom - középkori | ||
| 856 | 4 | 0 | |u http://misc.bibl.u-szeged.hu/26163/6/018_024_001-092.pdf |z Dokumentum-elérés |